Computer Networking and the Internet / (Record no. 2203)

MARC details
000 -LEADER
Fixed length control field 00510nam a2200181 4500
003 - CONTROL NUMBER IDENTIFIER
Control field SEACOMEC
005 - DATE AND TIME OF LATEST TRANSACTION
Control field 20250417125031.0
008 - FIXED-LENGTH DATA ELEMENTS--GENERAL INFORMATION
Fixed length control field 250417b |||||||| |||| 00| 0 eng d
020 ## - INTERNATIONAL STANDARD BOOK NUMBER / ISBN
International Standard Book Number 978-8177584752
Price 485.00
040 ## - CATALOGING SOURCE
Original cataloging agency SEACOMEC
082 ## - DEWEY DECIMAL CLASSIFICATION NUMBER
Classification number 004.65
Book Number H196
100 ## - MAIN ENTRY--PERSONAL NAME
Personal name Halsall, Fred
245 ## - TITLE STATEMENT
Title Computer Networking and the Internet /
Statement of responsibility Fred Halsall, & Lingana Gouda Kulkarni
250 ## - EDITION STATEMENT
Edition statement 5th ed
260 ## - IMPRINT
Place of publication Delhi :
Name of publisher Pearson Education Asia,
Date of publication c2007.
300 ## - PHYSICAL DESCRIPTION
Page / Vol. No xvi, 678p.: ill
942 ## - ADDED ENTRY ELEMENTS (KOHA)
Koha item type Books
Holdings
Withdrawn status Lost status Source of classification Damaged status Not for loan Home library Current library Date acquired Total Checkouts Call number Accession number Date last seen Price effective from Koha item type Copy number
    Dewey Decimal Classification     SEACOM ENGINEERING COLLEGE SEACOM ENGINEERING COLLEGE 26/02/2010   004.65 H196 16256 17/04/2025 17/04/2025 Reference Books  
    Dewey Decimal Classification     SEACOM ENGINEERING COLLEGE SEACOM ENGINEERING COLLEGE 26/02/2010   004.65 H196 16257 17/04/2025 17/04/2025 Books 1
    Dewey Decimal Classification     SEACOM ENGINEERING COLLEGE SEACOM ENGINEERING COLLEGE 26/02/2010   004.65 H196 16258 17/04/2025 17/04/2025 Books 2
    Dewey Decimal Classification     SEACOM ENGINEERING COLLEGE SEACOM ENGINEERING COLLEGE 26/02/2010   004.65 H196 16259 17/04/2025 17/04/2025 Books 3
    Dewey Decimal Classification     SEACOM ENGINEERING COLLEGE SEACOM ENGINEERING COLLEGE 26/02/2010   004.65 H196 16260 17/04/2025 17/04/2025 Books 4
    Dewey Decimal Classification     SEACOM ENGINEERING COLLEGE SEACOM ENGINEERING COLLEGE 26/02/2010   004.65 H196 16261 17/04/2025 17/04/2025 Books 5
    Dewey Decimal Classification     SEACOM ENGINEERING COLLEGE SEACOM ENGINEERING COLLEGE 26/02/2010   004.65 H196 16262 17/04/2025 17/04/2025 Books 6
    Dewey Decimal Classification     SEACOM ENGINEERING COLLEGE SEACOM ENGINEERING COLLEGE 26/02/2010   004.65 H196 16263 17/04/2025 17/04/2025 Books 7
    Dewey Decimal Classification     SEACOM ENGINEERING COLLEGE SEACOM ENGINEERING COLLEGE 26/02/2010   004.65 H196 16264 17/04/2025 17/04/2025 Books 8
    Dewey Decimal Classification     SEACOM ENGINEERING COLLEGE SEACOM ENGINEERING COLLEGE 26/02/2010   004.65 H196 16265 17/04/2025 17/04/2025 Books 9
© Seacom Engineering College, All rights reserved.      Powered by Koha